| 000 | 01387nam a2200241 a 4500 | ||
|---|---|---|---|
| 001 | 000911759 | ||
| 003 | AM-YeHGA | ||
| 005 | 20250617161142.0 | ||
| 008 | 120906s1966 un r 000 0 rus d | ||
| 040 | _aAM-YeHGA | ||
| 041 | 0 | _arus | |
| 245 | 0 | 0 |
_aИндивидуальное развитие сельскохозяйственных животных и формирование их продуктивности : _bМежвузовская научная конференция. (20-24 сентября, 1966 года). Тезисы докладов / _cОтв. ред. К.Б. Свечин; МСХ СССР; Глав. упр. высш. и сред. с.-х. образ. МСХ ССР; УСХА. |
| 260 |
_aКиев : _bБ. и., _c1966. |
||
| 300 |
_a524 с. ; _c26 см. |
||
| 650 | 1 | 4 | _aЖивотноводство |
| 700 | 1 |
_aСвечин, К.В. _eред. _4edt |
|
| 710 | 2 | _aМинистерство сельского хозяйства CССР | |
| 710 | 2 | _aГлавное управление высшего и среднего сельскохозяйственного образования МСХ СССР | |
| 710 | 2 | _aУкраинская сельскохозяйственная академия | |
| 711 | 2 |
_aМежвузовская научная конференция _d(20-24 сентября, 1966 : _cКиев) |
|
| 942 |
_2udc _cBK |
||
| 090 | _c469766 | ||
| 999 |
_c466553 _d466553 |
||